[Event "AUTO-OPEN-3915"]
[Site "http://www.queenalice.com/game.php?id=1520809"]
[Date "2018.3.23"]
[Round "1"]
[White "josekasparov"]
[Black "noguewinitou"]
[Result "1-0"]
[WhiteElo "2418"]
[BlackElo "1100"]

1. d4 d5 2. c4 c6 3. Nf3 Nf6 4. Nc3 e6 5. Bg5 Nbd7 6. Qc2 Be7 7. e3 a6 8. cxd5
exd5 9. Bd3 h6 10. Bh4 b6 11. O-O O-O 12. e4 dxe4 13. Nxe4 Nxe4 14. Bxe7 Qxe7
15. Bxe4 1-0

[Event "AUTO-OPEN-3916"]
[Site "http://www.queenalice.com/game.php?id=1521217"]
[Date "2018.3.26"]
[Round "1"]
[White "Prosperidade"]
[Black "noguewinitou"]
[Result "1-0"]
[WhiteElo "2058"]
[BlackElo "1100"]

1. d4 d6 2. c4 a6 3. h3 b6 4. Nc3 Bb7 5. e4 e6 6. Nf3 g6 7. Bd3 Bg7 8. O-O Ne7
9. Re1 O-O 10. Bg5 Qc8 11. Bxe7 1-0

[Event "AUTO-OPEN-3916"]
[Site "http://www.queenalice.com/game.php?id=1521218"]
[Date "2018.3.26"]
[Round "1"]
[White "noguewinitou"]
[Black "Prosperidade"]
[Result "0-1"]
[WhiteElo "979"]
[BlackElo "1895"]

1. d4 d5 2. Nf3 Bg4 3. Nbd2 Nf6 4. e3 e6 5. Be2 a6 6. O-O c5 7. a3 cxd4 8. exd4
Nc6 9. b3 Bd6 10. Bb2 O-O 11. Ne5 Bxe2 12. Nxc6 bxc6 13. Qxe2 a5 14. h3 Qc7 15.
c4 Rab8 16. c5 Be7 17. Bc3 Bd8 18. b4 a4 19. f4 Re8 20. Qd1 Qa7 0-1

[Event "AUTO-OPEN-3916"]
[Site "http://www.queenalice.com/game.php?id=1521243"]
[Date "2018.3.26"]
[Round "1"]
[White "noguewinitou"]
[Black "ulisses67"]
[Result "1-0"]
[WhiteElo "1100"]
[BlackElo "1703"]

1. d4 d5 2. Nf3 Nf6 3. e3 Nc6 4. a3 a5 5. Be2 h5 6. b3 Ne4 7. Bb2 g5 8. Nbd2
Nxd2 9. Qxd2 g4 10. Ne5 h4 11. Bb5 f6 12. Nxc6 Qd7 13. Na7 c6 14. Nxc8 Qxc8 15.
Bd3 g3 16. Bg6+ Kd8 17. Bc3 gxf2+ 18. Qxf2 h3 19. g3 Rh6 20. Bf5 Qc7 21. Bd2 Rh8
22. O-O Qd6 23. c3 e6 24. Bc2 f5 25. c4 dxc4 26. bxc4 Bg7 27. c5 Qe7 28. Rab1 e5
29. Bxf5 Rf8 30. e4 Kc7 31. Be3 exd4 32. Bf4+ Be5 33. Qxd4 Bxf4 34. Rxf4 Rad8
35. Qb2 Qxc5+ 36. Rf2 Rb8 37. Rc1 Qa7 38. Qg7+ Kb6 39. Kh1 Ka6 40. Rfc2 Qb6 41.
Qc3 Rf6 42. Qxf6 1-0

[Event "AUTO-OPEN-3916"]
[Site "http://www.queenalice.com/game.php?id=1521244"]
[Date "2018.3.26"]
[Round "1"]
[White "ulisses67"]
[Black "noguewinitou"]
[Result "0-1"]
[WhiteElo "1650"]
[BlackElo "1100"]

1. d4 d5 2. Bg5 Nd7 3. e4 dxe4 4. d5 Ngf6 5. Nc3 c6 6. dxc6 bxc6 7. a4 e6 8. b4
Bxb4 9. Rb1 Bxc3+ 10. Bd2 Bxd2+ 11. Qxd2 O-O 12. c4 Qc7 13. Nh3 Ba6 14. Ng5 h6
15. Nh3 Rab8 16. Rc1 Ne5 17. Nf4 c5 18. Nd5 exd5 19. cxd5 Bxf1 20. Rxf1 Rfd8 21.
Rd1 Rxd5 22. Qc2 Rxd1+ 23. Kxd1 Rd8+ 24. Ke2 c4 25. Rb1 c3 26. Rb3 Rd2+ 27. Ke1
Rxc2 0-1

[Event "AUTO-OPEN-3916"]
[Site "http://www.queenalice.com/game.php?id=1521245"]
[Date "2018.3.26"]
[Round "1"]
[White "noguewinitou"]
[Black "ciottoli"]
[Result "0-1"]
[WhiteElo "966"]
[BlackElo "1775"]

1. d4 Nf6 2. Nf3 g6 3. e3 Bg7 4. Be2 d5 5. Nbd2 c5 6. c3 Nbd7 7. O-O O-O 8. b3
b6 9. Bb2 e6 10. Re1 Bb7 11. c4 Rc8 12. Rc1 cxd4 13. exd4 Re8 14. cxd5 Rxc1 15.
Qxc1 Nxd5 16. Bb5 a6 17. Bd3 N7f6 18. h3 Re7 19. a3 Rc7 0-1

[Event "AUTO-OPEN-3916"]
[Site "http://www.queenalice.com/game.php?id=1521246"]
[Date "2018.3.26"]
[Round "1"]
[White "ciottoli"]
[Black "noguewinitou"]
[Result "1-0"]
[WhiteElo "1730"]
[BlackElo "1100"]

1. e4 e6 2. d4 d6 3. Nc3 a6 4. Nf3 b6 5. g3 Bb7 6. d5 e5 7. Nh4 Be7 8. Nf5 Bf8
9. h4 g6 10. Ne3 Bg7 11. h5 Ne7 12. h6 Bf8 13. Nc4 Nd7 14. Bg5 Qb8 15. Bh3 Bc8
16. Qf3 Ng8 17. Be6 fxe6 18. dxe6 1-0

[Event "AUTO-OPEN-3917"]
[Site "http://www.queenalice.com/game.php?id=1521620"]
[Date "2018.3.30"]
[Round "1"]
[White "sia"]
[Black "noguewinitou"]
[Result "1-0"]
[WhiteElo "2047"]
[BlackElo "1016"]

1. e3 e6 2. Be2 d5 3. d4 Be7 4. Nf3 Nf6 5. Nc3 a6 6. O-O O-O 7. a3 b6 8. Ne5 Bb7
9. b4 c6 10. Na4 Nbd7 11. Nxd7 Qxd7 12. Nxb6 Qc7 13. Nxa8 1-0

[Event "AUTO-OPEN-3917"]
[Site "http://www.queenalice.com/game.php?id=1521621"]
[Date "2018.3.30"]
[Round "1"]
[White "noguewinitou"]
[Black "sia"]
[Result "0-1"]
[WhiteElo "1016"]
[BlackElo "2049"]

1. d4 d6 2. Nf3 Nc6 3. e3 Bd7 4. Be2 Nf6 5. O-O e6 6. b3 Be7 7. Bb2 O-O 8. Nbd2
a6 9. a3 h6 10. c4 b6 11. h3 Qc8 12. Kh2 Nh7 13. Bd3 f5 0-1

[Event "AUTO-OPEN-3917"]
[Site "http://www.queenalice.com/game.php?id=1521640"]
[Date "2018.3.30"]
[Round "1"]
[White "chessman"]
[Black "noguewinitou"]
[Result "1-0"]
[WhiteElo "1865"]
[BlackElo "1100"]

1. e4 e6 2. d4 d6 3. Bd3 a6 4. Ne2 Be7 5. O-O b6 6. c3 Bb7 7. f4 Nd7 8. Ng3 c5
9. Nd2 Qc7 10. Nf3 h6 11. a4 d5 12. e5 c4 13. Bc2 Bf8 14. f5 Ne7 15. fxe6 fxe6
16. Nh4 O-O-O 17. Ng6 Nxg6 18. Bxg6 Nb8 19. Rf7 Rd7 20. Qf3 Rxf7 21. Bxf7 Nd7
22. Bxe6 Kb8 23. Bxd5 Bxd5 24. Qxd5 g5 25. Be3 1-0

[Event "AUTO-OPEN-3917"]
[Site "http://www.queenalice.com/game.php?id=1521641"]
[Date "2018.3.30"]
[Round "1"]
[White "noguewinitou"]
[Black "chessman"]
[Result "0-1"]
[WhiteElo "1100"]
[BlackElo "1926"]

1. d3 d5 2. e3 e6 3. h3 Nf6 4. g3 Bd6 5. Bg2 O-O 6. Ne2 c5 7. Nd2 Nc6 8. b3 b6
9. Bb2 e5 10. Nc3 Bb7 11. Nxd5 Nxd5 12. a3 Nf6 13. Nc4 Bc7 14. O-O b5 15. Bxc6
Bxc6 16. Nd2 Re8 17. e4 a6 18. Nf3 Qe7 19. Bc1 Rad8 20. Qe2 c4 21. Bb2 cxb3 22.
cxb3 Qd7 23. Kg2 Qxd3 24. Qxd3 Rxd3 25. Rad1 Bxe4 26. Rxd3 Bxd3 27. Rc1 Bb6 28.
Nxe5 Be4+ 29. f3 Bb7 30. Rc2 Nd5 31. Kh2 Ne3 0-1

[Event "AUTO-OPEN-3917"]
[Site "http://www.queenalice.com/game.php?id=1521652"]
[Date "2018.3.30"]
[Round "1"]
[White "noguewinitou"]
[Black "Berillo"]
[Result "0-1"]
[WhiteElo "1012"]
[BlackElo "1723"]

1. d3 e5 2. e3 d5 3. h3 Nf6 4. g3 Nc6 5. Bg2 Bd6 6. Ne2 O-O 7. a3 Re8 8. O-O Be6
9. Nd2 Qd7 10. b3 Bxh3 11. Kh2 Ng4+ 12. Kg1 Bxg2 13. Kxg2 Re6 14. Bb2 Rh6 15.
Rh1 Qf5 16. Qf1 Re8 17. Rxh6 Nxh6 18. f3 f6 19. e4 dxe4 20. dxe4 Qg6 21. Qf2 f5
0-1

[Event "AUTO-OPEN-3917"]
[Site "http://www.queenalice.com/game.php?id=1521653"]
[Date "2018.3.30"]
[Round "1"]
[White "Berillo"]
[Black "noguewinitou"]
[Result "1-0"]
[WhiteElo "1723"]
[BlackElo "1012"]

1. e4 e6 2. d4 d6 3. Nf3 a6 4. c4 b6 5. Nc3 Bb7 6. Bd3 Be7 7. O-O Nd7 8. Re1 e5
9. dxe5 Nxe5 10. Nxe5 dxe5 11. Nd5 Bxd5 12. exd5 Bd6 13. Bf4 f6 14. Qa4+ Kf7 15.
Bg3 a5 16. Qc2 g6 17. Re4 Qd7 18. Rh4 f5 19. Re1 Re8 20. a3 Ne7 21. Bxe5 1-0

[Event "AUTO-OPEN-3922"]
[Site "http://www.queenalice.com/game.php?id=1523491"]
[Date "2018.4.14"]
[Round "1"]
[White "noguewinitou"]
[Black "rafael_100000"]
[Result "0-1"]
[WhiteElo "1016"]
[BlackElo "1436"]

1. d4 d5 2. Nf3 Nf6 3. e3 Bg4 4. Be2 Nc6 5. O-O e6 6. a3 Ne4 7. Nbd2 Bd6 8. c4
Nxd2 9. Nxd2 Bxe2 10. Qxe2 dxc4 11. Nxc4 Qh4 12. Nxd6+ cxd6 13. b4 O-O 0-1

[Event "AUTO-OPEN-3922"]
[Site "http://www.queenalice.com/game.php?id=1523492"]
[Date "2018.4.14"]
[Round "1"]
[White "rafael_100000"]
[Black "noguewinitou"]
[Result "1-0"]
[WhiteElo "1434"]
[BlackElo "1016"]

1. e4 e6 2. d4 d5 3. e5 c5 4. c4 Nc6 5. dxc5 Bxc5 6. cxd5 Qxd5 7. Qxd5 exd5 8.
Nf3 h6 9. Be3 Bxe3 10. fxe3 Nge7 11. Nc3 a6 12. Rd1 Be6 13. a3 O-O 14. Nd4 1-0

[Event "AUTO-OPEN-3922"]
[Site "http://www.queenalice.com/game.php?id=1523493"]
[Date "2018.4.14"]
[Round "1"]
[White "noguewinitou"]
[Black "Ferro"]
[Result "0-1"]
[WhiteElo "1100"]
[BlackElo "2116"]

1. d4 Nf6 2. Nf3 d5 3. e3 e6 4. Bd3 c5 5. c3 b6 6. O-O Be7 7. b3 Nc6 8. Bb2 O-O
9. Nbd2 Bb7 10. a3 cxd4 11. cxd4 Bd6 12. b4 a6 13. Qe2 Ne7 14. Rfc1 h6 15. h3
Ne4 16. Bxe4 dxe4 17. Ne5 b5 18. g4 f6 0-1

[Event "AUTO-OPEN-3922"]
[Site "http://www.queenalice.com/game.php?id=1523494"]
[Date "2018.4.14"]
[Round "1"]
[White "Ferro"]
[Black "noguewinitou"]
[Result "1-0"]
[WhiteElo "2117"]
[BlackElo "1100"]

1. e4 e6 2. d4 d5 3. Nc3 a6 4. Bd3 dxe4 5. Nxe4 Bb4+ 6. Bd2 Bxd2+ 7. Qxd2 Nf6 8.
Nf3 b6 9. Nxf6+ Qxf6 10. O-O Bb7 11. Ne5 O-O 12. c4 Rd8 13. Qe3 Nd7 14. f4 Nxe5
15. fxe5 Qh4 16. Rf4 Qg5 17. g3 Rf8 18. Raf1 Rad8 19. Bxh7+ 1-0

[Event "AUTO-OPEN-3922"]
[Site "http://www.queenalice.com/game.php?id=1523495"]
[Date "2018.4.14"]
[Round "1"]
[White "noguewinitou"]
[Black "chessman"]
[Result "0-1"]
[WhiteElo "975"]
[BlackElo "1944"]

1. d4 d5 2. Nf3 Nf6 3. e3 e6 4. a3 c5 5. b3 Nc6 6. Bb2 Bd7 7. Be2 Be7 8. Nbd2
cxd4 9. exd4 O-O 10. O-O Rc8 11. c4 a6 12. b4 Re8 13. c5 Bf8 14. Ne5 h6 15. f4
Nxe5 16. fxe5 Nh7 17. Nf3 Bc6 0-1

[Event "AUTO-OPEN-3922"]
[Site "http://www.queenalice.com/game.php?id=1523496"]
[Date "2018.4.14"]
[Round "1"]
[White "chessman"]
[Black "noguewinitou"]
[Result "1-0"]
[WhiteElo "1942"]
[BlackElo "977"]

1. e4 e6 2. d4 d5 3. e5 c5 4. c3 Nc6 5. Nf3 Bd7 6. Be2 cxd4 7. cxd4 a6 8. O-O h6
9. Nc3 g6 10. Bd3 Bg7 11. Be3 Nge7 12. a3 O-O 13. Rc1 Rc8 14. h3 Nf5 15. Re1
Nce7 16. g4 Nxe3 17. fxe3 1-0